রুমূয-ই-বেখূদী/ (Record no. 17987)

MARC details
000 -LEADER
fixed length control field 01114nam a22002177a 4500
003 - CONTROL NUMBER IDENTIFIER
control field BDDh-ASL
005 - DATE AND TIME OF LATEST TRANSACTION
control field 20231015025651.0
008 - FIXED-LENGTH DATA ELEMENTS--GENERAL INFORMATION
fixed length control field 200916b1955 ||||| |||| 00| 0 d
040 ## - CATALOGING SOURCE
Original cataloging agency BDDh-ASL
Transcribing agency BDDh-ASL
Modifying agency BDDh-ASL
041 ## - LANGUAGE CODE
Language code of text/sound track or separate title bengali
082 ## - DEWEY DECIMAL CLASSIFICATION NUMBER
Classification number 297.1
Item number IQR
100 1# - MAIN ENTRY--PERSONAL NAME
Personal name ইকবাল, আল্লামা মুহাম্মদ
9 (RLIN) 816
245 #0 - TITLE STATEMENT
Title রুমূয-ই-বেখূদী/
Statement of responsibility, etc. আল্লামা মুহাম্মদ ইকবাল; আবুল ফরাহ্ মুহাম্মদ আবদুল হক (অনু.)।
246 ## - VARYING FORM OF TITLE
Title proper/short title Rumuz-I-Bekhudi.
260 ## - PUBLICATION, DISTRIBUTION, ETC.
Place of publication, distribution, etc. ঢাকা:
Name of publisher, distributor, etc. ইসলামিক ফাউণ্ডেশন বাংলাদেশ,
Date of publication, distribution, etc. ১৯৫৫।
300 ## - PHYSICAL DESCRIPTION
Extent ষোল, ১৯২ পৃষ্ঠা:
Dimensions ২২ সে. মি.।
504 ## - BIBLIOGRAPHY, ETC. NOTE
Bibliography, etc. note গ্রন্থপঞ্জি সংযুক্ত।
650 #0 - SUBJECT ADDED ENTRY--TOPICAL TERM
9 (RLIN) 798
Topical term or geographic name entry element ইসলামিক সমাজ ব্যবস্থা
General subdivision ইসলাম ধর্ম
700 #0 - ADDED ENTRY--PERSONAL NAME
9 (RLIN) 817
Personal name হক, আবুল ফরাহ্ মুহাম্মদ আবদুল
942 ## - ADDED ENTRY ELEMENTS (KOHA)
Source of classification or shelving scheme Dewey Decimal Classification
Koha item type Books
Holdings
Withdrawn status Lost status Source of classification or shelving scheme Damaged status Not for loan Collection code Home library Current library Shelving location Date acquired Source of acquisition Total Checkouts Full call number Barcode Date last seen Copy number Price effective from Koha item type
    Dewey Decimal Classification     Non-fiction Asiatic Society Library Asiatic Society Library General Stacks 09/16/2020 Donated by Professor Husniara Huq   297.1 IQR 101129 09/16/2020 C-1 09/16/2020 Books

Powered by Koha